00367nam a22001337a 450000500170000000800410001704100130005808200120007110000130008324500440009626000350014030000320017565000260020720240502123254.0240502b |||||||| |||| 00| 0 eng d aEnglish  a349 LAW lEnglish  aThe Law Reports: King's Bench Division  aLondon: bTHE COUNCIL, c1934  bxxiii, 725 pages; c25 cm.  aLegal practice bLaw